00770nam a22002297a 450000500170000001000110001702000100002803500110003803700160004904000120006508200250007710000210010224500770012324600400020026000580024027000300029830000530032865000490038165000580043065000240048865000280051220170124102952.0 a103670 c00.00 a103670 bCen Lib/Ret aDPLbHN a821bयश्दे aयशदेव  aपन्त का काव्य और युग /cयशदेव  aPant ka kavye aur yug /bby Yashdev aइलाहाबाद bकिताब महल  bइलाहाबाद  a400पृ. c17सेमी (सजिल्द) aहिन्दी -- साहित्य  aहिन्दी -- पन्त -- विचार aHindi -- literature aHindi - Pant - thoughts